Normal view MARC view
  • Velázquez Soto, Reina Enriqueta

Entry Nombre Personal

Number of records used in: 1

001 - NUMERO DE CONTROL

  • campo de control: 59377

003 - IDENTIFICADOR DE NUMERO DE CONTROL

  • campo de control: MX-MxUPN

005 - FECHA Y HORA DE LA ÜLTIMA TRANSACCIÓN

  • campo de control: 20260427094538.0

008 - DATOS DE LONGITUD FIJA

  • campo de control de longitud fija: 260427nn acnnnaabn a aaa d

040 ## - FUENTE DE CATALOGACIÓN

  • Agencia original de catalogación: MX-MxUPN
  • Lenguaje de catalogación: spa

100 1# - ENCABEZAMIENTO - NOMBRE PERSONAL

  • Nombre personal: Velázquez Soto, Reina Enriqueta

400 1# - VEÁSE - NOMBRE DE PERSONA

  • Personal name: Soto, Reina Enriqueta Velázquez

670 ## - FUENTE EN LA QUE SE LOCALIZARON DATOS

  • Cita de la fuente: Matemáticas 2, 2010 :
  • Información localizada: cubierta (Reina Enriqueta Velázquez Soto)

902 ## - CATALOGADOR

  • Catalogador: VíctorGodínez/270426